[Event "Arad op 16th"]
[Site "Arad"]
[Date "2023.08.09"]
[Round "4"]
[White "Eletskikh, Alexandr"]
[Black "Petkov, Momchil"]
[Result "0-1"]
[WhiteElo "2246"]
[BlackElo "2489"]
[PlyCount "94"]
[EventDate "2023.08.07"]
[EventType "swiss"]
[EventRounds "9"]
[EventCountry "ROU"]
[SourceTitle "EXT 2024"]
[Source "ChessBase"]
[SourceDate "2023.10.10"]
[SourceVersion "1"]
[SourceVersionDate "2023.10.10"]
[SourceQuality "1"]

1. d4 Nf6 2. Nf3 d5 3. c4 e6 4. e3 b6 5. b3 Bd6 6. Bd3 0-0 7. 0-0 Bb7 8. Bb2 Nbd7 9. Nc3 a6 10. Rc1 Qe7 11. a4 Rfd8 12. Re1 Bb4 13. cxd5 exd5 14. Re2 Ne4 15. Rec2 Bd6 16. Ne2 Ndf6 17. h3 Re8 18. Ne5 c5 19. f3 Ng5 20. Ng3 g6 21. f4 Ne6 22. Ne2 Rac8 23. f5 Ng5 24. Nf4 Nge4 25. Bxe4 Nxe4 26. Qg4 Qg5 27. fxg6 hxg6 28. Qf3 Rc7 29. Nfd3 c4 30. Nf2 c3 31. Bxc3 Bxe5 32. dxe5 Nxc3 33. Ng4 d4 34. Qf6 Qxf6 35. Nxf6+ Kf8 36. Nxe8 Kxe8 37. Kf1 Be4 38. Rd2 d3 39. Ke1 b5 40. axb5 axb5 41. Rf2 b4 42. Ra1 Nd5 43. Ra8+ Ke7 44. Rfa2 Rc1+ 45. Kd2 Rc2+ 46. Rxc2 dxc2 47. Rb8 Nc3 0-1

[Event "MDA-ch"]
[Site "Kishinev"]
[Date "2023.02.08"]
[Round "5"]
[White "Eletskikh, Alexandr"]
[Black "Hamitevici, Vladimir"]
[Result "0-1"]
[WhiteElo "2269"]
[BlackElo "2499"]
[PlyCount "80"]
[EventDate "2023.02.04"]
[EventType "tourn"]
[EventRounds "9"]
[EventCountry "MDA"]
[EventCategory "5"]
[SourceTitle "CBM 212 Extra"]
[Source "ChessBase"]
[SourceDate "2023.03.31"]
[SourceVersion "1"]
[SourceVersionDate "2023.03.31"]
[SourceQuality "1"]

1. d4 Nf6 2. Nf3 c5 3. d5 b5 4. e4 Nxe4 5. Bd3 Qa5+ 6. Nbd2 Nf6 7. c4 bxc4 8. Bxc4 e6 9. 0-0 Be7 10. d6 Bxd6 11. Bxe6 Be7 12. Bf5 Nc6 13. Ne4 0-0 14. Bg5 Qd8 15. Bxf6 Bxf6 16. Qd5 h6 17. Nxc5 d6 18. Rad1 Bxf5 19. Qxf5 Ne7 20. Qb1 Rb8 21. b4 d5 22. Ne4 Qb6 23. Nxf6+ Qxf6 24. Nd4 Rfc8 25. b5 Rc4 26. Qa1 Ng6 27. a4 Nf4 28. Rfe1 Qg5 29. g3 Qg4 30. f3 Qg5 31. Kh1 Nh3 32. Kg2 Qh5 33. Re2 Rb6 34. Nc6 Ng5 35. Rd3 Qh3+ 36. Kg1 Kh7 37. Qb1 Rcxc6 38. a5 Rb8 39. f4 Ne4 40. Rxd5 f5 0-1

[Event "MDA-ch"]
[Site "Kishinev"]
[Date "2022.02.26"]
[Round "8"]
[White "Macovei, Andrei"]
[Black "Eletskikh, Alexandr"]
[Result "1-0"]
[WhiteElo "2454"]
[BlackElo "2286"]
[PlyCount "103"]
[EventDate "2022.02.19"]
[EventType "swiss"]
[EventRounds "9"]
[EventCountry "MDA"]
[SourceTitle "EXT 2023"]
[Source "ChessBase"]
[SourceDate "2022.10.05"]
[SourceVersion "1"]
[SourceVersionDate "2022.10.05"]
[SourceQuality "1"]

1. e4 e5 2. Nf3 Nc6 3. Bc4 Nf6 4. d3 Be7 5. 0-0 0-0 6. Nc3 d6 7. a4 Bg4 8. h3 Bh5 9. Be3 Na5 10. Ba2 c5 11. Nd5 Nc6 12. c3 Nxd5 13. Bxd5 Bxf3 14. Qxf3 Bf6 15. g3 Rc8 16. h4 Qd7 17. Kg2 Kh8 18. Qh5 Ne7 19. Bb3 Ng6 20. Bg5 Bd8 21. f4 exf4 22. Bxf4 Bf6 23. Bg5 Bd8 24. Rad1 Ne5 25. Bf4 Ng4 26. Qd5 Bf6 27. Rf3 Be5 28. Bg5 h6 29. Bc1 Nf6 30. Qc4 Qg4 31. Bf4 Rce8 32. Rdf1 Nh5 33. Bxe5 Rxe5 34. Bd1 Qg6 35. Kh3 f5 36. exf5 Rexf5 37. Qg4 Rxf3 38. Rxf3 Qxg4+ 39. Kxg4 Nf6+ 40. Kf5 Re8 41. Kg6 Nd7 42. d4 cxd4 43. cxd4 Nf6 44. Bb3 Re4 45. Rc3 Rg4+ 46. Kf7 d5 47. Rc8+ Kh7 48. Bc2+ Ne4 49. Rd8 g6 50. h5 Rxg3 51. hxg6+ Rxg6 52. Rxd5 1-0

[Event "MDA-ch"]
[Site "Kishinev"]
[Date "2022.02.23"]
[Round "5"]
[White "Ceres, Dragos"]
[Black "Eletskikh, Alexandr"]
[Result "1-0"]
[WhiteElo "2385"]
[BlackElo "2286"]
[PlyCount "101"]
[EventDate "2022.02.19"]
[EventType "swiss"]
[EventRounds "9"]
[EventCountry "MDA"]
[SourceTitle "CBM 207 Extra"]
[Source "ChessBase"]
[SourceDate "2022.05.31"]
[SourceVersion "1"]
[SourceVersionDate "2022.05.31"]
[SourceQuality "1"]

1. e4 e5 2. Nf3 Nc6 3. Bc4 Nf6 4. d3 Be7 5. 0-0 0-0 6. a4 d6 7. c3 Na5 8. Ba2 c5 9. b4 cxb4 10. cxb4 Nc6 11. b5 Nb4 12. Bc4 a5 13. Ba3 Bg4 14. Nbd2 d5 15. exd5 Nbxd5 16. Bb2 Nf4 17. Re1 Bb4 18. Qb3 Nd7 19. Re3 Bxd2 20. Nxd2 Qg5 21. Ne4 Qg6 22. Ng3 h5 23. h4 Qf6 24. Ne4 Qxh4 25. g3 Nh3+ 26. Kg2 Qd8 27. f3 Bf5 28. Rh1 Qb6 29. Bc1 Bxe4 30. Rxe4 Nc5 31. Qa2 Nxe4 32. fxe4 Nf4+ 33. gxf4 exf4 34. Bxf4 Qg6+ 35. Kh2 Rac8 36. Rg1 Qf6 37. Qf2 g6 38. Qg3 Kh7 39. Be5 Qb6 40. Bd6 Rfd8 41. e5 Rxc4 42. dxc4 Qd4 43. c5 Qxa4 44. Qf2 Qc4 45. Qf6 Rg8 46. e6 fxe6 47. Be5 Kh6 48. c6 bxc6 49. bxc6 Qxc6 50. Rxg6+ Rxg6 51. Qf8+ 1-0

[Event "MDA-ch"]
[Site "Kishinev"]
[Date "2022.02.20"]
[Round "2"]
[White "Eletskikh, Alexandr"]
[Black "Soltanici, Ruslan"]
[Result "1/2-1/2"]
[WhiteElo "2286"]
[BlackElo "2387"]
[PlyCount "34"]
[EventDate "2022.02.19"]
[EventType "swiss"]
[EventRounds "9"]
[EventCountry "MDA"]
[SourceTitle "CBM 207 Extra"]
[Source "ChessBase"]
[SourceDate "2022.05.31"]
[SourceVersion "1"]
[SourceVersionDate "2022.05.31"]
[SourceQuality "1"]

1. d4 d5 2. Nf3 Nf6 3. c4 e6 4. e3 b6 5. b3 Bb7 6. Bd3 Nbd7 7. 0-0 Bd6 8. Nc3 0-0 9. Bb2 a6 10. Qe2 Ne4 11. Rac1 f5 12. Rc2 Rf6 13. cxd5 exd5 14. Rfc1 Rh6 15. g3 Qe7 16. Qf1 Ndf6 17. Ne5 Ng5 1/2-1/2

[Event "MDA-ch"]
[Site "Kishinev"]
[Date "2012.02.17"]
[Round "10"]
[White "Eletskikh, Alexandr"]
[Black "Nevednichy, Boris M"]
[Result "0-1"]
[WhiteElo "2283"]
[BlackElo "2264"]
[PlyCount "68"]
[EventDate "2012.02.07"]
[EventType "tourn"]
[EventRounds "11"]
[EventCountry "MDA"]
[SourceTitle "EXT 2014"]
[Source "ChessBase"]
[SourceDate "2013.11.20"]
[SourceVersion "1"]
[SourceVersionDate "2013.11.20"]
[SourceQuality "1"]

1. d4 d6 2. Nf3 g6 3. e4 Bg7 4. Nc3 Bg4 5. Be3 Nc6 6. Be2 Bxf3 7. Bxf3 e5 8. dxe5 dxe5 9. Qxd8+ Nxd8 10. Nb5 Ne6 11. Bg4 a6 12. Bxe6 axb5 13. Bd5 c6 14. Bb3 Nf6 15. f3 Nd7 16. Rd1 Rd8 17. Ke2 Bf8 18. Rd2 Be7 19. Rhd1 Nb8 20. Bb6 Rxd2+ 21. Rxd2 Na6 22. c4 b4 23. g3 Nc5 24. Bc7 f6 25. Bb6 g5 26. Rd1 h5 27. Ba5 h4 28. Bxb4 hxg3 29. hxg3 Rh2+ 30. Ke3 Rxb2 31. Rh1 Nxb3 32. Bxe7 Kxe7 33. Rh7+ Kd6 34. Rxb7 Na5 0-1

[Event "MDA-ch"]
[Site "Kishinev"]
[Date "2010.01.22"]
[Round "7"]
[White "Soltanici, Ruslan"]
[Black "Eletskikh, Alexandr"]
[Result "1-0"]
[WhiteElo "2395"]
[BlackElo "2254"]
[PlyCount "51"]
[EventDate "2010.01.16"]
[EventType "tourn"]
[EventRounds "9"]
[EventCountry "MDA"]
[EventCategory "4"]
[SourceTitle "CBM 134 Extra"]
[Source "ChessBase"]
[SourceDate "2010.03.03"]
[SourceVersion "1"]
[SourceVersionDate "2010.03.03"]
[SourceQuality "1"]

1. e4 c6 2. d4 d5 3. e5 Bf5 4. Nf3 e6 5. Be2 Be7 6. 0-0 h5 7. c4 g5 8. Nc3 Nd7 9. Be3 g4 10. Ne1 f6 11. cxd5 cxd5 12. exf6 Ngxf6 13. Bd3 Ne4 14. Bxe4 dxe4 15. d5 Nb6 16. dxe6 Qxd1 17. Rxd1 Rd8 18. Rxd8+ Bxd8 19. Nc2 Bxe6 20. Nxe4 Bxa2 21. Nd6+ Kd7 22. Rd1 Ke6 23. Nxb7 Bf6 24. Rd6+ Ke7 25. Rxf6 Rc8 26. Bg5 1-0

[Event "MDA-ch"]
[Site "Kishinev"]
[Date "2009.01.22"]
[Round "7"]
[White "Eletskikh, Alexandr"]
[Black "Martemianov, Iaroslav"]
[Result "1/2-1/2"]
[WhiteElo "2266"]
[BlackElo "2387"]
[PlyCount "99"]
[EventDate "2009.01.16"]
[EventType "tourn"]
[EventRounds "13"]
[EventCountry "MDA"]
[EventCategory "3"]
[SourceTitle "EXT 2010"]
[Source "ChessBase"]
[SourceDate "2010.11.25"]
[SourceVersion "1"]
[SourceVersionDate "2010.11.25"]
[SourceQuality "1"]

1. d4 f5 2. Nc3 Nf6 3. Bg5 e6 4. e4 fxe4 5. Nxe4 Be7 6. Bxf6 Bxf6 7. f4 0-0 8. Nf3 b6 9. Bd3 c5 10. Qe2 Nc6 11. dxc5 bxc5 12. c3 Qe7 13. 0-0 d5 14. Nxf6+ Rxf6 15. Ne5 Bd7 16. Rae1 Raf8 17. Bc2 c4 18. Qe3 Be8 19. Ng4 R6f7 20. Qh3 h6 21. Qg3 Kh8 22. Bg6 Qc5+ 23. Kh1 Re7 24. Ne5 Nxe5 25. fxe5 Rb7 26. Bxe8 Rxe8 27. Qg6 Qe7 28. Re2 Rf8 29. Ref2 Rxf2 30. Rxf2 Rb8 31. h3 Kg8 32. Qg4 Kh7 33. h4 Qe8 34. h5 Qe7 35. Kh2 Qg5 36. Qxg5 hxg5 37. Kh3 Rd8 38. Rf7 a5 39. Re7 Rb8 40. Rxe6 Rxb2 41. Rd6 Rd2 42. a4 Kg8 43. g3 Kf7 44. Kg4 Rd3 45. Kxg5 Rxg3+ 46. Kf4 Rd3 47. Kf5 Rf3+ 48. Kg4 Rd3 49. Kf5 Rf3+ 50. Kg4 1/2-1/2

[Event "MDA-ch"]
[Site "Kishinev"]
[Date "2007.02.26"]
[Round "10"]
[White "Eletskikh, Alexandr"]
[Black "Hamitevici, Vladimir"]
[Result "0-1"]
[WhiteElo "2242"]
[BlackElo "2289"]
[PlyCount "56"]
[EventDate "2007.02.17"]
[EventType "tourn"]
[EventRounds "13"]
[EventCountry "MDA"]
[EventCategory "2"]
[SourceTitle "EXT 2010"]
[Source "ChessBase"]
[SourceDate "2010.11.25"]
[SourceVersion "1"]
[SourceVersionDate "2010.11.25"]
[SourceQuality "1"]

1. d4 Nf6 2. Nf3 e6 3. Bg5 c5 4. c3 Qb6 5. Qb3 d5 6. Nbd2 cxd4 7. Qxb6 axb6 8. Nxd4 Bd7 9. Bxf6 gxf6 10. e4 dxe4 11. Nb5 Ra5 12. a4 f5 13. b4 Ra6 14. Nc7+ Kd8 15. Nxa6 bxa6 16. Nb3 Bg7 17. Kd2 Ke7 18. Kc2 Rc8 19. Rc1 Rxc3+ 20. Kb2 Rxc1+ 21. Kxc1 Bxa4 22. b5 axb5 23. Nd2 Bh6 24. Be2 b4 25. Bd1 b3 26. Rg1 Nc6 27. g4 fxg4 28. Rxg4 b2+ 0-1

[Event "MDA-ch"]
[Site "Kishinev"]
[Date "2007.02.18"]
[Round "2"]
[White "Ogleznev, Alexandr"]
[Black "Eletskikh, Alexandr"]
[Result "1/2-1/2"]
[WhiteElo "2264"]
[BlackElo "2242"]
[PlyCount "115"]
[EventDate "2007.02.17"]
[EventType "tourn"]
[EventRounds "13"]
[EventCountry "MDA"]
[EventCategory "2"]
[SourceTitle "EXT 2010"]
[Source "ChessBase"]
[SourceDate "2010.11.25"]
[SourceVersion "1"]
[SourceVersionDate "2010.11.25"]
[SourceQuality "1"]

1. e4 e5 2. Nf3 Nc6 3. Bb5 a6 4. Bxc6 dxc6 5. 0-0 Bd6 6. d4 exd4 7. Qxd4 f6 8. Be3 Ne7 9. Nbd2 0-0 10. Nc4 Ng6 11. Rad1 Qe7 12. Nxd6 cxd6 13. Qxd6 Qxe4 14. Qc5 Bg4 15. Rd4 Qe6 16. Nd2 f5 17. Rd6 Qf7 18. f4 Rfe8 19. Qd4 Qe7 20. Bf2 Rad8 21. Re1 Rxd6 22. Rxe7 Rxd4 23. Rxe8+ Kf7 24. Bxd4 Kxe8 25. g3 Kf8 26. Kf2 b5 27. Nb3 Bd1 28. Bc5+ Kf7 29. Nd4 Nf8 30. Bxf8 Kxf8 31. c3 c5 32. Nxf5 b4 33. cxb4 cxb4 34. Nd4 Ba4 35. Ke3 Kf7 36. Nf3 Kf6 37. Kd4 Be8 38. Ng5 Bg6 39. Kc5 h6 40. Nf3 Bb1 41. Kxb4 Bxa2 42. Nd2 Kf5 43. b3 Kg4 44. Ka3 Bxb3 45. Kxb3 Kh3 46. Ne4 Kxh2 47. Kc4 a5 48. g4 Kh3 49. g5 Kg4 50. gxh6 gxh6 51. f5 Kxf5 52. Nf2 h5 53. Kb5 Kf4 54. Kxa5 h4 55. Kb4 Kf3 56. Nh3 Kg3 57. Ng5 Kg4 58. Ne4 1/2-1/2

[Event "EU-ch U18"]
[Site "Herceg Novi"]
[Date "2006.09.18"]
[Round "8"]
[White "Eletskikh, Alexandr"]
[Black "Abdullayev, Azer"]
[Result "1-0"]
[WhiteElo "2255"]
[BlackElo "2069"]
[PlyCount "81"]
[EventDate "2006.09.10"]
[EventType "swiss"]
[EventRounds "9"]
[EventCountry "MNE"]
[SourceTitle "CBM 114 Extra"]
[Source "ChessBase"]
[SourceDate "2006.11.03"]
[SourceVersion "1"]
[SourceVersionDate "2006.11.03"]
[SourceQuality "1"]

1. d4 Nf6 2. Nf3 g6 3. g3 Bg7 4. Bg2 0-0 5. 0-0 d6 6. Re1 Nbd7 7. e4 e5 8. c3 c6 9. Nbd2 Re8 10. Qc2 Qe7 11. b3 b6 12. Ba3 c5 13. b4 cxd4 14. cxd4 b5 15. Nb3 Bb7 16. d5 Nb6 17. Na5 Rec8 18. Qd3 Nc4 19. Nxc4 bxc4 20. Qc3 Qd7 21. Nd2 Qa4 22. Bf1 Nxd5 23. exd5 e4 24. Qe3 c3 25. Nxe4 Qxa3 26. Nxd6 Bxd5 27. Nxc8 Rxc8 28. Bh3 Rf8 29. Qc5 Ba8 30. Bg2 Bxg2 31. Kxg2 Rb8 32. Re3 Bf8 33. Qc7 Qxb4 34. Rf3 f5 35. Rd1 Bg7 36. Rd7 Bf6 37. Rf4 Qb5 38. a4 Qb6 39. Qc4+ Kh8 40. Qf7 Qc6+ 41. Kh3 1-0

[Event "EU-ch U18"]
[Site "Herceg Novi"]
[Date "2006.09.17"]
[Round "7"]
[White "Maenhout, Thibaut"]
[Black "Eletskikh, Alexandr"]
[Result "1-0"]
[WhiteElo "2384"]
[BlackElo "2255"]
[PlyCount "59"]
[EventDate "2006.09.10"]
[EventType "swiss"]
[EventRounds "9"]
[EventCountry "MNE"]
[SourceTitle "CBM 114 Extra"]
[Source "ChessBase"]
[SourceDate "2006.11.03"]
[SourceVersion "1"]
[SourceVersionDate "2006.11.03"]
[SourceQuality "1"]

1. d4 Nf6 2. c4 c5 3. d5 b5 4. Nf3 g6 5. Qc2 Bg7 6. e4 d6 7. cxb5 a6 8. Nc3 0-0 9. a4 e6 10. dxe6 fxe6 11. Bg5 Qa5 12. Rd1 d5 13. Bxf6 Bxf6 14. exd5 exd5 15. Rxd5 Bb7 16. Bc4 Kh8 17. 0-0 axb5 18. axb5 Bxc3 19. bxc3 Bxd5 20. Bxd5 Ra7 21. c4 Qd8 22. Rb1 Nd7 23. h4 Qf6 24. Qe4 Nb6 25. Qe5 Ra4 26. Qxf6+ Rxf6 27. Ne5 Nxd5 28. cxd5 Rb4 29. Rd1 Rf5 30. d6 1-0

[Event "Kishinev ULIM Cup"]
[Site "Kishinev"]
[Date "2005.10.16"]
[Round "9"]
[White "Diulger, Alexey"]
[Black "Eletskikh, Alexandr"]
[Result "1-0"]
[WhiteElo "2294"]
[BlackElo "2180"]
[PlyCount "85"]
[EventDate "2005.10.08"]
[EventType "swiss"]
[EventRounds "9"]
[EventCountry "MDA"]
[SourceTitle "CBM 108 Extra"]
[Source "ChessBase"]
[SourceDate "2005.11.04"]
[SourceVersion "1"]
[SourceVersionDate "2005.11.04"]
[SourceQuality "1"]

1. d4 Nf6 2. Nf3 c5 3. c3 b6 4. Bf4 d6 5. e3 Bb7 6. h3 g6 7. Nbd2 Bg7 8. Bd3 0-0 9. 0-0 Nbd7 10. Bh2 Qc7 11. a4 a6 12. Qe2 Rfe8 13. e4 e5 14. d5 Nh5 15. Qe3 f5 16. exf5 e4 17. fxg6 exd3 18. gxh7+ Kh8 19. Qxd3 Ne5 20. Nxe5 Bxe5 21. f4 Bg7 22. g4 Nf6 23. c4 Nxd5 24. cxd5 Bd4+ 25. Kg2 Bxd5+ 26. Nf3 Re3 27. Qd1 Rae8 28. Ra3 Qb7 29. Rxe3 Rxe3 30. Bg1 Re4 31. Bxd4+ Rxd4 32. Qe2 Qf7 33. f5 Bc4 34. Qe3 Bxf1+ 35. Kxf1 Qc4+ 36. Kf2 Rd3 37. Qe8+ Kxh7 38. Ng5+ Kg7 39. Qg6+ Kf8 40. Ne6+ Ke7 41. Qg7+ Ke8 42. Qg8+ Ke7 43. Qd8+ 1-0

[Event "EU-ch U18"]
[Site "Herceg Novi"]
[Date "2005.09.21"]
[Round "7"]
[White "Eletskikh, Alexandr"]
[Black "Mijovic, Stefan"]
[Result "1-0"]
[WhiteElo "2164"]
[BlackElo "2135"]
[PlyCount "121"]
[EventDate "2005.09.14"]
[EventType "swiss"]
[EventRounds "9"]
[EventCountry "YUG"]
[SourceTitle "CBM 108 Extra"]
[Source "ChessBase"]
[SourceDate "2005.11.04"]
[SourceVersion "1"]
[SourceVersionDate "2005.11.04"]
[SourceQuality "1"]

1. d4 d5 2. Nf3 Nf6 3. c4 e6 4. g3 Be7 5. Bg2 0-0 6. 0-0 c6 7. b3 b6 8. Bb2 Bb7 9. Nc3 Nbd7 10. Qc2 Rc8 11. Rfd1 Qc7 12. Rac1 Rfd8 13. Qb1 Qb8 14. e3 c5 15. cxd5 exd5 16. dxc5 bxc5 17. Nh4 Nb6 18. Nf5 Bf8 19. Nb5 Ne8 20. Qa1 a6 21. Nc3 g6 22. Nh4 Bg7 23. Ne2 Qd6 24. Bxg7 Nxg7 25. Nc3 Qe7 26. Rc2 Rc7 27. a4 a5 28. Nb5 Rcd7 29. Qc3 d4 30. exd4 cxd4 31. Qxa5 Bxg2 32. Nxg2 Qf6 33. Rcd2 Nf5 34. Rd3 Re8 35. Qd2 Red8 36. Nf4 Nc8 37. Ne2 Nce7 38. Nbxd4 Qa6 39. Qb2 f6 40. R3d2 Qa5 41. b4 Qxa4 42. Nxf5 Qxd1+ 43. Rxd1 Rxd1+ 44. Kg2 Nxf5 45. Qxf6 R1d6 46. Qc3 Ne7 47. Nf4 Nd5 48. Qc4 Kf8 49. b5 Nxf4+ 50. Qxf4+ Kg8 51. Qc4+ Kh8 52. Qc7 R6d7 53. Qe5+ Kg8 54. Qe6+ Rf7 55. h4 Rdd7 56. f4 Rde7 57. Qc8+ Kg7 58. h5 gxh5 59. Kh3 Rf6 60. Kh4 Kh6 61. Qc5 1-0

[Event "EU-ch U18"]
[Site "Herceg Novi"]
[Date "2005.09.14"]
[Round "1"]
[White "Eletskikh, Alexandr"]
[Black "Lanin, Alexsej"]
[Result "0-1"]
[WhiteElo "2164"]
[BlackElo "2424"]
[PlyCount "128"]
[EventDate "2005.09.14"]
[EventType "swiss"]
[EventRounds "9"]
[EventCountry "YUG"]
[SourceTitle "CBM 108 Extra"]
[Source "ChessBase"]
[SourceDate "2005.11.04"]
[SourceVersion "1"]
[SourceVersionDate "2005.11.04"]
[SourceQuality "1"]

1. d4 Nf6 2. Nf3 e6 3. g3 c5 4. Bg2 cxd4 5. 0-0 Qc7 6. Nxd4 a6 7. a4 Nc6 8. c4 Bc5 9. Nc2 0-0 10. Nc3 Be7 11. Bf4 d6 12. c5 Rd8 13. Qc1 Na5 14. cxd6 Bxd6 15. Bxd6 Rxd6 16. Qf4 Nc4 17. b3 Na5 18. Rad1 Ne8 19. Rxd6 Qxd6 20. Qxd6 Nxd6 21. Rd1 Ne8 22. b4 Nc4 23. Ne4 Kf8 24. Ne3 Nxe3 25. fxe3 Ke7 26. a5 Rb8 27. Rc1 Bd7 28. Nc5 Nd6 29. Rd1 Bb5 30. Kf2 b6 31. axb6 Rxb6 32. Ra1 Bc4 33. h4 Rxb4 34. Nxa6 Bxa6 35. Rxa6 Nc4 36. Rc6 Kf6 37. Bf3 h6 38. Rc7 Nd6 39. Rc6 Nf5 40. Rc5 g6 41. Rc3 h5 42. Rd3 Kg7 43. Bc6 Nh6 44. Bf3 Ng8 45. Bc6 Nf6 46. Bf3 e5 47. Bc6 e4 48. Rc3 Rb2 49. Ke1 Rb1+ 50. Kd2 Rg1 51. Rc4 Rxg3 52. Bxe4 Rg4 53. Bd3 Rxc4 54. Bxc4 Ne4+ 55. Kd3 Nd6 56. e4 Nxc4 57. Kxc4 g5 58. Kd4 gxh4 59. Ke3 Kg6 60. Kf3 f6 61. e3 h3 62. Kg3 h2 63. Kxh2 Kg5 64. Kg2 Kg4 0-1